[Event "Madrid ch 2011-2012 Previa A"]
[Site "Madrid ESP"]
[Date "2012.02.13"]
[Round "4.6"]
[White "Martos De La Vega, Alvaro"]
[Black "Lopez Peral, Enrique"]
[Result "1/2-1/2"]
[WhiteElo "1935"]
[BlackElo "1823"]
[PlyCount "30"]
[EventDate "2012.02.06"]
[EventType "swiss"]
[EventRounds "9"]
[EventCountry "ESP"]
[Source "lmi"]
[SourceDate "2012.02.06"]

1. d4 d5 2. c4 dxc4 3. e3 e5 4. Bxc4 exd4 5. Qb3 Qe7 6. a3 c5 7. Ne2 Be6 8.
exd4 cxd4 9. O-O Nc6 10. Nf4 Bxc4 11. Qxc4 Nf6 12. b4 Qd7 13. Re1+ Be7 14. b5
Nd8 15. Qe2 O-O 1/2-1/2

[Event "Madrid ch 2011-2012 Previa A"]
[Site "Madrid ESP"]
[Date "2012.02.13"]
[Round "4.7"]
[White "Perez Cameselle, Francisco"]
[Black "Beekhof Harmsen, Willen"]
[Result "0-1"]
[WhiteElo "1909"]
[BlackElo "1797"]
[PlyCount "66"]
[EventDate "2012.02.06"]
[EventType "swiss"]
[EventRounds "9"]
[EventCountry "ESP"]
[Source "lmi"]
[SourceDate "2012.02.06"]

1. e4 d6 2. d4 Nf6 3. Nc3 Nbd7 4. f4 g6 5. Nf3 Bg7 6. e5 Ng4 7. e6 fxe6 8. Ng5
Ndf6 9. Qe2 Qd7 10. Bd2 O-O 11. O-O-O h6 12. h3 hxg5 13. fxg5 Nd5 14. Qxg4 Nxc3
15. Bxc3 Qa4 16. Qe4 e5 17. Qd5+ e6 18. Qc4 Qxc4 19. Bxc4 d5 20. Bb3 e4 21. Bb4
Rf5 22. h4 Bd7 23. c3 a5 24. Ba3 Bb5 25. Bc2 Bf8 26. Bxf8 Raxf8 27. a4 Ba6 28.
b4 axb4 29. cxb4 Bc4 30. Rhg1 Rf2 31. Rde1 R8f4 32. g3 R4f3 33. Bd1 Ra3 0-1

[Event "Madrid ch 2011-2012 Previa A"]
[Site "Madrid ESP"]
[Date "2012.02.13"]
[Round "4.8"]
[White "Fernandez Martinez, Jose"]
[Black "Fernandez Garcia, Ignacio"]
[Result "0-1"]
[WhiteElo "1749"]
[BlackElo "1903"]
[PlyCount "66"]
[EventDate "2012.02.06"]
[EventType "swiss"]
[EventRounds "9"]
[EventCountry "ESP"]
[Source "lmi"]
[SourceDate "2012.02.06"]

1. d4 d6 2. c4 g6 3. Nc3 Bg7 4. e4 Nf6 5. Nf3 O-O 6. Be2 Nc6 7. O-O Bg4 8. h3
Bd7 9. Be3 Qc8 10. Rc1 e5 11. dxe5 dxe5 12. a3 h6 13. Qc2 g5 14. Rfd1 g4 15.
hxg4 Nxg4 16. Bc5 Re8 17. Nd5 b6 18. Be3 Nd8 19. Bd2 Ne6 20. Nh4 Nd4 21. Qd3
Qd8 22. Nf5 Bxf5 23. exf5 e4 24. Qh3 Nxe2+ 25. Kf1 Nxf2 26. Kxf2 Nxc1 27. Bxc1
Qd6 28. Qg4 Kh8 29. Rh1 e3+ 30. Bxe3 Rxe3 31. Nxe3 Qe5 32. Nd1 Re8 33. Nc3 Qe3+
0-1

[Event "Madrid ch 2011-2012 Previa A"]
[Site "Madrid ESP"]
[Date "2012.02.13"]
[Round "4.9"]
[White "Morona Minguez, Irene"]
[Black "Roldan Garcia, Angel"]
[Result "1-0"]
[WhiteElo "1901"]
[BlackElo "1762"]
[PlyCount "107"]
[EventDate "2012.02.06"]
[EventType "swiss"]
[EventRounds "9"]
[EventCountry "ESP"]
[Source "lmi"]
[SourceDate "2012.02.06"]

1. e4 c5 2. Nf3 e6 3. d4 cxd4 4. Nxd4 Nc6 5. Nc3 Qc7 6. f4 Nxd4 7. Qxd4 a6 8.
Be2 b5 9. a3 Bb7 10. Be3 Rc8 11. O-O Nf6 12. Kh1 Bc5 13. Qd3 Bxe3 14. Qxe3 d5
15. e5 Nd7 16. Rae1 O-O 17. Bd3 Nc5 18. f5 Nxd3 19. cxd3 exf5 20. Rxf5 Qd7 21.
Rf4 Qe7 22. d4 b4 23. axb4 Qxb4 24. Qf2 Qe7 25. Na4 Rc6 26. Nc5 Bc8 27. Rf1 Be6
28. Qe2 Qa7 29. Qf3 Qe7 30. h3 Rb6 31. b3 Rc6 32. Qe2 Qa7 33. R1f2 a5 34. Qa2
Rcc8 35. b4 a4 36. Qa3 Ra8 37. Kh2 Bd7 38. Ra2 Bb5 39. Qf3 Bc4 40. Ra3 Qb6 41.
Nd7 Qxb4 42. Nxf8 Rxf8 43. Qc3 Qxc3 44. Rxc3 Bb3 45. Rf1 g6 46. Rfc1 Bc4 47.
Ra3 Ra8 48. Rb1 Kg7 49. Rb4 Re8 50. Raxa4 f6 51. Ra7+ Kg8 52. exf6 Rf8 53. Rbb7
Rxf6 54. Rb8+ 1-0

[Event "Madrid ch 2011-2012 Previa A"]
[Site "Madrid ESP"]
[Date "2012.02.13"]
[Round "4.10"]
[White "Martinez Miura, Enrique"]
[Black "Fernandez Aransay, Fernando"]
[Result "0-1"]
[WhiteElo "1670"]
[BlackElo "1897"]
[PlyCount "78"]
[EventDate "2012.02.06"]
[EventType "swiss"]
[EventRounds "9"]
[EventCountry "ESP"]
[Source "lmi"]
[SourceDate "2012.02.06"]

1. Nf3 d5 2. d4 Nf6 3. c4 e6 4. Nc3 Be7 5. Bf4 O-O 6. e3 b6 7. Bd3 Bb7 8. cxd5
exd5 9. h3 a6 10. O-O c5 11. a3 Nbd7 12. Ne5 c4 13. Bc2 b5 14. Re1 Qb6 15. e4
Rfd8 16. Nxd7 Rxd7 17. e5 Ne4 18. f3 Ng5 19. Bxg5 Bxg5 20. Kh1 Re8 21. f4 Bd8
22. Qg4 Rde7 23. f5 Qh6 24. f6 Rc7 25. Bf5 g6 26. e6 Bxf6 27. exf7+ Kxf7 28.
Be6+ Kg7 29. Nxd5 Bxd5 30. Bxd5 Rd8 31. Qe6 Qg5 32. Bf3 Rxd4 33. Qxa6 Rd2 34.
Re8 Rxb2 35. Qd6 Re7 36. Rxe7+ Bxe7 37. Qd4+ Bf6 38. Qd7+ Kh6 39. Rd1 c3 0-1

[Event "Madrid ch 2011-2012 Previa A"]
[Site "Madrid ESP"]
[Date "2012.02.13"]
[Round "4.12"]
[White "Garcia Martin, Juan Manuel"]
[Black "Al-zarif Zabala, Bassam"]
[Result "0-1"]
[WhiteElo "1894"]
[BlackElo "1727"]
[PlyCount "78"]
[EventDate "2012.02.06"]
[EventType "swiss"]
[EventRounds "9"]
[EventCountry "ESP"]
[Source "lmi"]
[SourceDate "2012.02.06"]

1. d4 d5 2. Bf4 Nf6 3. e3 c5 4. Nc3 e6 5. Nf3 Qb6 6. Bxb8 Rxb8 7. Be2 c4 8. Rb1
Be7 9. O-O O-O 10. b3 Qa5 11. Na4 Bd7 12. Nb2 b5 13. Ne5 Rfd8 14. Nxd7 Nxd7 15.
Ra1 Ba3 16. Qb1 Nf6 17. f3 Re8 18. Kf2 Nd7 19. Nd1 c3 20. b4 Bxb4 21. Qb3 a6
22. Rb1 Be7 23. Nxc3 Rec8 24. Nd1 Nb6 25. Bd3 Nc4 26. Bxc4 Rxc4 27. c3 Rbc8 28.
Kg1 b4 29. cxb4 Rxb4 30. Qd3 Qxa2 31. Rxb4 Bxb4 32. Rf2 Qc4 33. Qb1 a5 34. Qa1
Qc1 35. Qxc1 Rxc1 36. Rf1 a4 37. e4 a3 38. Ne3 Rxf1+ 39. Kxf1 Bc3 0-1

[Event "Madrid ch 2011-2012 Previa A"]
[Site "Madrid ESP"]
[Date "2012.02.13"]
[Round "4.15"]
[White "Carrera Cabañeros, Francisco"]
[Black "Cortijo Manso, Luis"]
[Result "1-0"]
[WhiteElo "1819"]
[BlackElo "1547"]
[PlyCount "49"]
[EventDate "2012.02.06"]
[EventType "swiss"]
[EventRounds "9"]
[EventCountry "ESP"]
[Source "lmi"]
[SourceDate "2012.02.06"]

1. d4 Nf6 2. c4 g6 3. Nc3 Bg7 4. e4 d6 5. f4 O-O 6. Nf3 e6 7. Be2 c6 8. O-O a6
9. Qc2 b5 10. b3 Bb7 11. h3 c5 12. e5 dxe5 13. dxe5 Nfd7 14. cxb5 a5 15. Be3
Qc7 16. Ne4 Bxe4 17. Qxe4 Nb6 18. Rac1 N8d7 19. a4 Nd5 20. Nd2 Nxe3 21. Qxe3
Rac8 22. Nc4 Qa7 23. Bf3 Rc7 24. Bc6 Nb8 25. b6 1-0

[Event "Madrid ch 2011-2012 Previa A"]
[Site "Madrid ESP"]
[Date "2012.02.13"]
[Round "4.16"]
[White "Rodriguez Bachiller, Luis"]
[Black "Zuazua Conde, Ivan Javier"]
[Result "1-0"]
[WhiteElo "1789"]
[BlackElo "1498"]
[PlyCount "73"]
[EventDate "2012.02.06"]
[EventType "swiss"]
[EventRounds "9"]
[EventCountry "ESP"]
[Source "lmi"]
[SourceDate "2012.02.06"]

1. Nf3 Nf6 2. g3 d5 3. c4 c6 4. b3 g6 5. Bb2 Bg7 6. Bg2 O-O 7. O-O Nbd7 8. d3
e6 9. Nbd2 Re8 10. Rc1 b6 11. cxd5 cxd5 12. Qc2 Nc5 13. b4 Nb7 14. Qc7 Qd7 15.
Ne5 Qe7 16. Rc2 Nd7 17. Nc6 Qd6 18. Qxd6 Nxd6 19. Bxg7 Kxg7 20. Rfc1 Bb7 21. a4
Bxc6 22. Rxc6 Rac8 23. b5 Ne5 24. Rc7 Rxc7 25. Rxc7 a5 26. bxa6 Ra8 27. a7 Nc8
28. h3 Nxa7 29. e4 d4 30. f4 Nec6 31. e5 Kg8 32. Bxc6 Nxc6 33. Rxc6 Rxa4 34.
Rxb6 Ra2 35. Ne4 Ra1+ 36. Kg2 Rd1 37. Nf2 1-0

[Event "Madrid ch 2011-2012 Previa A"]
[Site "Madrid ESP"]
[Date "2012.02.13"]
[Round "4.20"]
[White "Lozano Sanchez, Jose Antonio"]
[Black "Martinez Carrasco, Jesus"]
[Result "1-0"]
[WhiteElo "1894"]
[BlackElo "1580"]
[PlyCount "113"]
[EventDate "2012.02.06"]
[EventType "swiss"]
[EventRounds "9"]
[EventCountry "ESP"]
[Source "lmi"]
[SourceDate "2012.02.06"]

1. e4 c5 2. Nf3 d6 3. Bc4 Nf6 4. Nc3 e6 5. d3 Be7 6. O-O O-O 7. h3 a6 8. a4 Nc6
9. Bf4 b6 10. Qd2 Bb7 11. e5 dxe5 12. Nxe5 Nxe5 13. Bxe5 Bd6 14. Rfe1 Bxe5 15.
Rxe5 Qc7 16. Rae1 Rad8 17. Qg5 h6 18. Qd2 Qc6 19. f3 Qc7 20. Qf2 Rd4 21. a5 Nd7
22. axb6 Nxb6 23. Bb3 Rfd8 24. R5e2 c4 25. dxc4 Nxc4 26. Na4 Nd2 27. c3 R4d6
28. Bc2 Qd7 29. Nc5 Qc7 30. Ne4 Nxe4 31. Bxe4 Bxe4 32. Rxe4 Rd2 33. R4e2 Rxe2
34. Qxe2 Qb6+ 35. Kf1 Rb8 36. b4 Qb5 37. Ra1 Qxe2+ 38. Kxe2 Rb6 39. Ra2 Rd6 40.
c4 Kf8 41. c5 Rc6 42. Kd3 Ke7 43. Kc4 g5 44. Rf2 f5 45. f4 Kf6 46. g3 Ke7 47.
fxg5 hxg5 48. h4 Kf6 49. Rd2 e5 50. Rd6+ Rxd6 51. cxd6 gxh4 52. gxh4 f4 53. Kd3
Ke6 54. h5 Kxd6 55. h6 f3 56. h7 f2 57. Ke2 1-0

[Event "Madrid ch 2011-2012 Previa A"]
[Site "Madrid ESP"]
[Date "2012.02.13"]
[Round "4.21"]
[White "Perez-nuñez Castillo, Jose A"]
[Black "Monge Gilgado, Eva Maria"]
[Result "1/2-1/2"]
[WhiteElo "1633"]
[BlackElo "1844"]
[PlyCount "35"]
[EventDate "2012.02.06"]
[EventType "swiss"]
[EventRounds "9"]
[EventCountry "ESP"]
[Source "lmi"]
[SourceDate "2012.02.06"]

1. d4 e6 2. c4 f5 3. g3 g6 4. Bg2 Bg7 5. Nc3 Nf6 6. Nf3 d6 7. O-O O-O 8. Bf4
Qe7 9. Qd2 Rd8 10. Bh6 Bh8 11. Qc2 c6 12. Rad1 Bd7 13. e4 Bg7 14. Bxg7 Qxg7 15.
e5 dxe5 16. Nxe5 Be8 17. Rfe1 Nbd7 18. Nf3 1/2-1/2

[Event "Madrid ch 2011-2012 Previa A"]
[Site "Madrid ESP"]
[Date "2012.02.13"]
[Round "4.22"]
[White "Benito Mellado, Humberto"]
[Black "Diaz Begonte, Manuel"]
[Result "0-1"]
[WhiteElo "1603"]
[BlackElo "1790"]
[PlyCount "90"]
[EventDate "2012.02.06"]
[EventType "swiss"]
[EventRounds "9"]
[EventCountry "ESP"]
[Source "lmi"]
[SourceDate "2012.02.06"]

1. d4 d6 2. c4 g6 3. g3 Bg7 4. Bg2 c6 5. Nf3 Na6 6. O-O Nf6 7. Re1 O-O 8. e4 e6
9. Bg5 h6 10. Bd2 c5 11. Qc2 Kh7 12. Bc3 cxd4 13. Nxd4 Nc5 14. Qd2 a6 15. Bb4
a5 16. Ba3 Bd7 17. Nc3 Rc8 18. Ndb5 Bxb5 19. Nxb5 Ne8 20. Rad1 Qb6 21. b3 Be5
22. Kh1 g5 23. Bb2 Bxb2 24. Qxb2 Rd8 25. Nd4 Ng7 26. f4 e5 27. fxe5 dxe5 28.
Nf5 Nd3 29. Rxd3 Rxd3 30. Qxe5 f6 31. Qe7 Rg8 32. e5 Qf2 33. Rf1 Qe2 34. exf6
Qxe7 35. fxe7 Nxf5 36. Be4 Re3 37. Bxf5+ Kg7 38. Rd1 Rxe7 39. Rd7 Rxd7 40. Bxd7
Rd8 41. Be6 Rd1+ 42. Kg2 Rd2+ 43. Kh3 Rxa2 44. c5 Rc2 45. Bc4 Rxc4 0-1

[Event "Madrid ch 2011-2012 Previa A"]
[Site "Madrid ESP"]
[Date "2012.02.13"]
[Round "4.23"]
[White "Zhynguel Zhynguel, Alek"]
[Black "Corredor Gonzalez, Angel L"]
[Result "0-1"]
[WhiteElo "1600"]
[BlackElo "1751"]
[PlyCount "100"]
[EventDate "2012.02.06"]
[EventType "swiss"]
[EventRounds "9"]
[EventCountry "ESP"]
[Source "lmi"]
[SourceDate "2012.02.06"]

1. e4 e5 2. Bc4 Nf6 3. d3 Be7 4. Nf3 d6 5. Ng5 O-O 6. Nc3 h6 7. Nf3 Bg4 8. h3
Bh5 9. g4 Bg6 10. g5 hxg5 11. Nxg5 Nc6 12. a3 Nd4 13. h4 Bh5 14. f3 Nh7 15. Rh3
Nxg5 16. hxg5 g6 17. Rg3 c6 18. Be3 Kg7 19. Kd2 Rh8 20. Qf1 Qd7 21. Ne2 d5 22.
Ba2 Ne6 23. exd5 cxd5 24. Qg2 Qd8 25. Rg1 d4 26. Bf2 Nf4 27. Nxf4 exf4 28. Rh3
Rc8 29. Bh4 Re8 30. Kd1 Qa5 31. Bb3 Qb6 32. Qd2 Bd6 33. Re1 Re3 34. Rf1 Qc6 35.
Qg2 Bc5 36. Be1 a5 37. a4 Bb4 38. Bxb4 axb4 39. Kc1 Rce8 40. Kb1 Qd6 41. Qd2
Re2 42. Qd1 R8e3 43. Bc4 Qd7 44. Rxh5 gxh5 45. b3 Qh3 46. Bd5 b6 47. Kb2 Rh2
48. Be4 Ree2 49. Re1 Rd2 50. Qc1 Qg2 0-1

[Event "Madrid ch 2011-2012 Previa A"]
[Site "Madrid ESP"]
[Date "2012.02.13"]
[Round "4.24"]
[White "Garcia Donoso, Alberto"]
[Black "Veuthey Martinez, Eloy"]
[Result "0-1"]
[WhiteElo "1750"]
[BlackElo "1552"]
[PlyCount "95"]
[EventDate "2012.02.06"]
[EventType "swiss"]
[EventRounds "9"]
[EventCountry "ESP"]
[Source "lmi"]
[SourceDate "2012.02.06"]

1. e4 d6 2. Nc3 Nf6 3. g3 e5 4. Bg2 Be7 5. Nh3 c6 6. d4 O-O 7. O-O Re8 8. f4
exd4 9. Qxd4 Qb6 10. Qxb6 axb6 11. e5 Ng4 12. exd6 Bxd6 13. Ne4 Bc7 14. Nhf2
Nxf2 15. Kxf2 Bf5 16. Re1 Na6 17. Bd2 Rad8 18. Rad1 Nc5 19. Nxc5 Rxe1 20. Kxe1
Re8+ 21. Ne4 Bxe4 22. Bxe4 Rxe4+ 23. Kf2 f5 24. Bc3 b5 25. Rd7 Bb6+ 26. Kf1 Kf8
27. Bxg7+ Ke8 28. Rxb7 Bd4 29. Bxd4 Rxd4 30. Rxh7 Rd2 31. h4 Rxc2 32. Rc7 Kd8
33. Rf7 Rxb2 34. h5 Rh2 35. Rxf5 Ke7 36. Kg1 Rxa2 37. h6 b4 38. Re5+ Kf6 39.
Re8 Kg6 40. Re6+ Kh7 41. Rxc6 b3 42. Rb6 b2 43. Rb7+ Kxh6 44. Rb6+ Kh5 45. Rb5+
Kg4 46. Rb6 Ra1+ 47. Kf2 b1=Q 48. Rh6 0-1

[Event "Madrid ch 2011-2012 Previa A"]
[Site "Madrid ESP"]
[Date "2012.02.13"]
[Round "4.27"]
[White "De Mingo Matias, Jose Andres"]
[Black "Castro Uceda, Jose Antonio"]
[Result "0-1"]
[WhiteElo "1484"]
[BlackElo "1649"]
[PlyCount "68"]
[EventDate "2012.02.06"]
[EventType "swiss"]
[EventRounds "9"]
[EventCountry "ESP"]
[Source "lmi"]
[SourceDate "2012.02.06"]

1. e4 c5 2. Nf3 d6 3. d4 cxd4 4. Nxd4 Nf6 5. Nc3 a6 6. h3 e5 7. Nde2 Be7 8. g4
O-O 9. Bg2 Be6 10. g5 Ne8 11. h4 Nc6 12. Be3 Rc8 13. Bh3 Bxh3 14. Rxh3 Qd7 15.
Rg3 f5 16. gxf6 Bxf6 17. Nd5 Qf7 18. Nxf6+ Nxf6 19. Bh6 Nh5 20. Rg2 Qf3 21.
Qd5+ Kh8 22. Bxg7+ Nxg7 23. Rg3 Qxf2+ 24. Kd2 Nb4 25. Qb3 Rxc2+ 26. Qxc2 Nxc2
27. Rc1 Nd4 28. Re3 Nxe2 29. Rxe2 Qxh4 30. Rc7 Ne6 31. Rxb7 Nc5 32. Ra7 Nxe4+
33. Kd3 Nc5+ 34. Ke3 Qf4# 0-1

[Event "Madrid ch 2011-2012 Previa A"]
[Site "Madrid ESP"]
[Date "2012.02.13"]
[Round "4.31"]
[White "Garcia Lopez, Pedro"]
[Black "Navas Marin, Felix"]
[Result "1-0"]
[WhiteElo "1854"]
[BlackElo "1605"]
[PlyCount "81"]
[EventDate "2012.02.06"]
[EventType "swiss"]
[EventRounds "9"]
[EventCountry "ESP"]
[Source "lmi"]
[SourceDate "2012.02.06"]

1. d4 d5 2. Nf3 Nf6 3. e3 e6 4. c4 c6 5. Nc3 b6 6. a3 a5 7. b3 Nbd7 8. Bb2 Be7
9. Bd3 O-O 10. O-O Bb7 11. Qc2 Qc7 12. h3 Rac8 13. Rac1 Ba6 14. Rfe1 c5 15. a4
Bb7 16. Nb5 Qb8 17. Ne5 g6 18. f4 Nxe5 19. dxe5 Nd7 20. Qf2 Qa8 21. Nd6 Rc6 22.
Nxb7 Qxb7 23. Qg3 Rc7 24. Rf1 Qa8 25. h4 dxc4 26. Bxc4 Qe4 27. Rf3 Qf5 28. Qf2
Qe4 29. Rh3 f5 30. Bxe6+ Kg7 31. Rd1 Nb8 32. Bd5 Qb4 33. h5 c4 34. h6+ Kh8 35.
Bxc4 Rxc4 36. bxc4 Qxa4 37. Qd2 Qxc4 38. Rc1 Qe4 39. Rf3 Nc6 40. Qc3 Rc8 41.
e6+ 1-0

[Event "Madrid ch 2011-2012 Previa A"]
[Site "Madrid ESP"]
[Date "2012.02.14"]
[Round "5.1"]
[White "Ruiz Sanchez, Roberto"]
[Black "Cano Mercado, Francisco Manuel"]
[Result "1-0"]
[WhiteElo "1976"]
[BlackElo "1865"]
[PlyCount "75"]
[EventDate "2012.02.06"]
[EventType "swiss"]
[EventRounds "9"]
[EventCountry "ESP"]
[Source "lmi"]
[SourceDate "2012.02.06"]

1. e4 c5 2. Nf3 Nc6 3. d4 cxd4 4. Nxd4 Qb6 5. Nb3 e6 6. Be3 Qc7 7. Nc3 a6 8. f4
d6 9. Be2 Nf6 10. O-O Be7 11. Qe1 b5 12. Bf3 Rb8 13. Rd1 O-O 14. Kh1 Bb7 15. a3
Rfd8 16. Qg3 Ba8 17. e5 dxe5 18. fxe5 Ne8 19. Rde1 Bf8 20. Ne4 Kh8 21. Ng5 Rd7
22. Bh5 g6 23. Bf3 Bg7 24. Nc5 Re7 25. Nxa6 Qc8 26. Nxb8 Qxb8 27. Bxc6 Bxc6 28.
Nxf7+ Kg8 29. Nh6+ Kh8 30. Bg5 Rd7 31. Ng4 h6 32. Bxh6 Bxh6 33. Nxh6 Kg7 34.
Ng4 Rd2 35. Rf2 Rxf2 36. Qxf2 Qd8 37. Qf4 Qh4 38. Rf1 1-0

[Event "Madrid ch 2011-2012 Previa A"]
[Site "Madrid ESP"]
[Date "2012.02.14"]
[Round "5.3"]
[White "Fernandez Garcia, Ignacio"]
[Black "Martinez Montalvo, Eduardo"]
[Result "1/2-1/2"]
[WhiteElo "1903"]
[BlackElo "1804"]
[PlyCount "101"]
[EventDate "2012.02.06"]
[EventType "swiss"]
[EventRounds "9"]
[EventCountry "ESP"]
[Source "lmi"]
[SourceDate "2012.02.06"]

1. e4 d5 2. exd5 Nf6 3. Nc3 Nxd5 4. Nxd5 Qxd5 5. Qf3 c6 6. Bd3 g6 7. c3 Nd7 8.
Qxd5 cxd5 9. Bb5 a6 10. Ba4 b5 11. Bc2 e5 12. d3 f5 13. Ne2 Bg7 14. O-O Bb7 15.
a4 Kf7 16. d4 e4 17. Bg5 h6 18. Bf4 g5 19. Bd6 Ke6 20. Ba3 Rhc8 21. f3 Nb6 22.
fxe4 fxe4 23. Ng3 Nc4 24. Nf5 Bf8 25. Bxf8 Rxf8 26. Ng7+ Kd7 27. Rxf8 Rxf8 28.
axb5 axb5 29. h3 Rf7 30. Nh5 Kc6 31. b3 Ne3 32. Rc1 Bc8 33. c4 bxc4 34. bxc4
Nxc4 35. Bxe4 dxe4 36. Rxc4+ Kd7 37. Ng3 Ba6 38. Ra4 Bd3 39. Ra7+ Ke8 40. Rxf7
Kxf7 41. Kf2 Ke6 42. Ke3 Kd5 43. Nf5 Bf1 44. Kf2 Bd3 45. g4 Bb5 46. Ke3 Bf1 47.
Nxh6 Bxh3 48. Nf7 Bxg4 49. Nxg5 Bf5 50. Nf7 Bh7 51. Ng5 1/2-1/2

[Event "Madrid ch 2011-2012 Previa A"]
[Site "Madrid ESP"]
[Date "2012.02.14"]
[Round "5.4"]
[White "Al-zarif Zabala, Bassam"]
[Black "Morona Minguez, Irene"]
[Result "0-1"]
[WhiteElo "1727"]
[BlackElo "1901"]
[PlyCount "96"]
[EventDate "2012.02.06"]
[EventType "swiss"]
[EventRounds "9"]
[EventCountry "ESP"]
[Source "lmi"]
[SourceDate "2012.02.06"]

1. e4 c5 2. Ne2 Nc6 3. Nbc3 e5 4. Nd5 Nf6 5. Nec3 d6 6. Nxf6+ gxf6 7. Bc4 Nd4
8. Nb5 Be6 9. Nxd4 Bxc4 10. Nf5 Be6 11. d3 Bxf5 12. exf5 Qd7 13. Qf3 d5 14. Bd2
O-O-O 15. O-O-O Qb5 16. Rhe1 Kb8 17. Qh5 Qd7 18. Qf3 Ka8 19. g4 Rg8 20. h3 Qb5
21. Qe2 Rd6 22. c4 Qc6 23. Kb1 Bg7 24. f4 Rgd8 25. h4 Qd7 26. Kc1 dxc4 27. dxc4
Qa4 28. fxe5 fxe5 29. Bc3 Qxa2 30. Rxd6 Rxd6 31. Bxe5 Bxe5 32. Qxe5 Qxc4+ 33.
Qc3 Qxc3+ 34. bxc3 Rd8 35. Re7 Rf8 36. g5 a6 37. h5 Ka7 38. Kb2 Rg8 39. Rxf7
Rxg5 40. Rxh7 Rxf5 41. Rg7 Rxh5 42. Kb3 Rh4 43. Re7 Kb6 44. c4 Rh3+ 45. Ka4 Rd3
46. Re6+ Kc7 47. Re5 Kc6 48. Re7 b5+ 0-1

[Event "Madrid ch 2011-2012 Previa A"]
[Site "Madrid ESP"]
[Date "2012.02.14"]
[Round "5.5"]
[White "Fernandez Aransay, Fernando"]
[Black "Jimenez Gonzalez, Marcos"]
[Result "0-1"]
[WhiteElo "1897"]
[BlackElo "1831"]
[PlyCount "78"]
[EventDate "2012.02.06"]
[EventType "swiss"]
[EventRounds "9"]
[EventCountry "ESP"]
[Source "lmi"]
[SourceDate "2012.02.06"]

1. e4 c6 2. d4 d5 3. exd5 cxd5 4. Bd3 Nf6 5. Bf4 Nc6 6. c3 e6 7. Nf3 Be7 8. O-O
O-O 9. Nbd2 h6 10. Ne5 Bd7 11. Bg3 Rc8 12. f4 Qb6 13. Kh1 a6 14. Rb1 Qd8 15.
Qe2 b5 16. Nxd7 Qxd7 17. f5 Bd6 18. fxe6 fxe6 19. Bxd6 Qxd6 20. Rbe1 Rce8 21.
a4 bxa4 22. Bxa6 e5 23. Qd3 e4 24. Qg3 Qxg3 25. hxg3 Rb8 26. c4 Rxb2 27. cxd5
Nb4 28. Nc4 Rc2 29. Ne3 Rd2 30. Bc4 Rxd4 31. d6+ Kh8 32. Rd1 Nd3 33. Bb5 Rxd6
34. Bxa4 Rfd8 35. Kh2 Ne5 36. Bc2 Neg4+ 37. Nxg4 Nxg4+ 38. Kh3 Rxd1 39. Rxd1
Nf2+ 0-1

[Event "Madrid ch 2011-2012 Previa A"]
[Site "Madrid ESP"]
[Date "2012.02.14"]
[Round "5.6"]
[White "Beekhof Harmsen, Willen"]
[Black "Lopez Heras, Arturo"]
[Result "0-1"]
[WhiteElo "1797"]
[BlackElo "1897"]
[PlyCount "36"]
[EventDate "2012.02.06"]
[EventType "swiss"]
[EventRounds "9"]
[EventCountry "ESP"]
[Source "lmi"]
[SourceDate "2012.02.06"]

1. d4 Nf6 2. c4 c5 3. dxc5 e6 4. g3 Bxc5 5. Bg2 Nc6 6. Nf3 O-O 7. O-O d5 8.
cxd5 exd5 9. a3 a5 10. Qc2 Qe7 11. Nc3 Bg4 12. Rd1 d4 13. Na4 Ba7 14. h3 Bh5
15. Nh4 Qxe2 16. Rd2 Qe1+ 17. Kh2 Rac8 18. g4 Bb8+ 0-1

[Event "Madrid ch 2011-2012 Previa A"]
[Site "Madrid ESP"]
[Date "2012.02.14"]
[Round "5.8"]
[White "Lucia Carpintero, Oscar"]
[Black "Martos De La Vega, Alvaro"]
[Result "0-1"]
[WhiteElo "1661"]
[BlackElo "1935"]
[PlyCount "76"]
[EventDate "2012.02.06"]
[EventType "swiss"]
[EventRounds "9"]
[EventCountry "ESP"]
[Source "lmi"]
[SourceDate "2012.02.06"]

1. Nf3 Nf6 2. g3 g6 3. Bg2 Bg7 4. O-O d6 5. c4 e5 6. d3 O-O 7. Nc3 Nc6 8. a3
Ne7 9. Rb1 Nh5 10. e4 f5 11. exf5 gxf5 12. Nxe5 dxe5 13. Qxh5 Qxd3 14. Bg5 Qd6
15. Rbd1 Qg6 16. Qxg6 Nxg6 17. Nd5 c6 18. Ne7+ Nxe7 19. Bxe7 Re8 20. Bg5 Be6
21. c5 e4 22. Rd2 Bd5 23. Rfd1 a5 24. Be3 a4 25. Bd4 Bb3 26. Re1 Rad8 27. Be3
Rxd2 28. Bxd2 Bxb2 29. Bb4 Kf7 30. g4 Kf6 31. gxf5 Kxf5 32. h4 Bd4 33. Bh3+ Ke5
34. Bg2 Kd5 35. Kf1 Bc4+ 36. Kg1 Bd3 37. Bf1 Rg8+ 38. Kh2 Bxf2 0-1

[Event "Madrid ch 2011-2012 Previa A"]
[Site "Madrid ESP"]
[Date "2012.02.14"]
[Round "5.9"]
[White "Camarero Izquierdo, Juan Carlos"]
[Black "Lopez Peral, Enrique"]
[Result "1-0"]
[WhiteElo "1896"]
[BlackElo "1823"]
[PlyCount "45"]
[EventDate "2012.02.06"]
[EventType "swiss"]
[EventRounds "9"]
[EventCountry "ESP"]
[Source "lmi"]
[SourceDate "2012.02.06"]

1. d4 d5 2. Nc3 Nf6 3. Bg5 Nbd7 4. f4 e6 5. Nf3 Be7 6. Bxf6 Nxf6 7. Ne5 Bb4 8.
Qd3 Bxc3+ 9. Qxc3 Ne4 10. Qf3 Qe7 11. O-O-O c5 12. dxc5 Qxc5 13. e3 Qa5 14. Bd3
Nc5 15. Kb1 Qb4 16. c3 Qb6 17. Bc2 a5 18. f5 O-O 19. f6 Nd7 20. Nxd7 Bxd7 21.
Bxh7+ Kxh7 22. Qh5+ Kg8 23. Qg5 1-0

[Event "Madrid ch 2011-2012 Previa A"]
[Site "Madrid ESP"]
[Date "2012.02.14"]
[Round "5.10"]
[White "Martin-consuegra Barrilero, Francisco Javier"]
[Black "Carrera Cabañeros, Francisco"]
[Result "1-0"]
[WhiteElo "1886"]
[BlackElo "1819"]
[PlyCount "137"]
[EventDate "2012.02.06"]
[EventType "swiss"]
[EventRounds "9"]
[EventCountry "ESP"]
[Source "lmi"]
[SourceDate "2012.02.06"]

1. d4 d5 2. Bf4 Nf6 3. e3 e6 4. Bd3 c5 5. c3 c4 6. Be2 Be7 7. Nd2 Bd7 8. Ngf3
Qa5 9. Ne5 b5 10. O-O O-O 11. Bf3 b4 12. cxb4 Bxb4 13. Ndxc4 Qa6 14. Nxd7 Nbxd7
15. Ne5 Rac8 16. a3 Ba5 17. Nxd7 Nxd7 18. Be2 Qb7 19. Bd6 Rfd8 20. b4 Bc7 21.
Bc5 f5 22. Qa4 Bb8 23. Ba6 Qc6 24. Qxc6 Rxc6 25. Bb5 Rcc8 26. Bxd7 Rxd7 27. a4
Rb7 28. Rab1 Bc7 29. Rb3 Rcb8 30. Rfb1 Kf7 31. g3 g5 32. f3 h5 33. Kg2 g4 34.
fxg4 hxg4 35. h3 gxh3+ 36. Kxh3 Rh8+ 37. Kg2 Rg8 38. Rh1 Rxg3+ 39. Kf2 Kg7 40.
Rbb1 Bb8 41. Rh5 Kf6 42. Rh6+ Rg6 43. Rxg6+ Kxg6 44. Rg1+ Kf7 45. Kf3 Bc7 46.
Rh1 Kg7 47. Rh5 Bb8 48. Rh1 Bc7 49. Rb1 Kf7 50. b5 Bb8 51. b6 a6 52. Rh1 Kg7
53. a5 Rf7 54. Rh4 Rb7 55. Bb4 Rf7 56. Be1 Bd6 57. Bd2 Rb7 58. Rh1 Rf7 59. Rc1
Rf8 60. Rc6 Bb8 61. Rxe6 Kf7 62. Rc6 Rd8 63. Be1 Rg8 64. b7 Bh2 65. Rxa6 Rb8
66. Rb6 Bc7 67. Rb5 Ke6 68. a6 Rh8 69. a7 1-0